Gehörte Geschichten : Phänomene des Auditiven.

Bibliographic Details
Main Author: Lehnert, Nils.
Other Authors: Schenker, Ina., Wicke, Andreas.
Format: eBook
Language:German
Published: Berlin/Boston : Walter de Gruyter GmbH, 2022.
Edition:1st ed.
Subjects:
Online Access:Click to View
LEADER 01396nam a22003493i 4500
001 EBC30386348
003 MiAaPQ
005 20231204023229.0
006 m o d |
007 cr cnu||||||||
008 231204s2022 xx o ||||0 ger d
020 |a 9783110741773  |q (electronic bk.) 
035 |a (MiAaPQ)EBC30386348 
035 |a (Au-PeEL)EBL30386348 
040 |a MiAaPQ  |b eng  |e rda  |e pn  |c MiAaPQ  |d MiAaPQ 
100 1 |a Lehnert, Nils. 
245 1 0 |a Gehörte Geschichten :  |b Phänomene des Auditiven. 
250 |a 1st ed. 
264 1 |a Berlin/Boston :  |b Walter de Gruyter GmbH,  |c 2022. 
264 4 |c {copy}2022. 
300 |a 1 online resource (0 pages) 
336 |a text  |b txt  |2 rdacontent 
337 |a computer  |b c  |2 rdamedia 
338 |a online resource  |b cr  |2 rdacarrier 
588 |a Description based on publisher supplied metadata and other sources. 
590 |a Electronic reproduction. Ann Arbor, Michigan : ProQuest Ebook Central, 2023. Available via World Wide Web. Access may be limited to ProQuest Ebook Central affiliated libraries.  
655 4 |a Electronic books. 
700 1 |a Schenker, Ina. 
700 1 |a Wicke, Andreas. 
776 0 8 |i Print version:  |a Lehnert, Nils  |t Gehörte Geschichten  |d Berlin/Boston : Walter de Gruyter GmbH,c2022 
797 2 |a ProQuest (Firm) 
856 4 0 |u https://ebookcentral.proquest.com/lib/matrademy/detail.action?docID=30386348  |z Click to View